A blaṭ oyf an eplboym. (Record no. 31657)
[ view plain ]
| 000 -LEADER | |
|---|---|
| fixed length control field | 00646cam a22002291i 4500 |
| 001 - CONTROL NUMBER | |
| control field | he 66000680 |
| 003 - CONTROL NUMBER IDENTIFIER | |
| control field | DLC |
| 005 - DATE AND TIME OF LATEST TRANSACTION | |
| control field | 20260227111437.0 |
| 008 - FIXED-LENGTH DATA ELEMENTS--GENERAL INFORMATION | |
| fixed length control field | 860806s1955 ag c 000 0 yid |
| 010 ## - LIBRARY OF CONGRESS CONTROL NUMBER | |
| LC control number | he 66000680 |
| 035 ## - SYSTEM CONTROL NUMBER | |
| System control number | (OCoLC)19307769 |
| 040 ## - CATALOGING SOURCE | |
| Original cataloging agency | DLC |
| Transcribing agency | MH |
| Modifying agency | CU |
| -- | DLC |
| 042 ## - AUTHENTICATION CODE | |
| Authentication code | premarc |
| 050 00 - LIBRARY OF CONGRESS CALL NUMBER | |
| Classification number | PJ5129.L4 |
| Item number | A62 |
| 100 1# - MAIN ENTRY--PERSONAL NAME | |
| Personal name | Leivick, H., |
| Dates associated with a name | 1888-1962. |
| 245 12 - TITLE STATEMENT | |
| Title | A blaṭ oyf an eplboym. |
| 260 ## - PUBLICATION, DISTRIBUTION, ETC. | |
| Place of publication, distribution, etc. | Buenos Ayres : |
| Name of publisher, distributor, etc. | [Ḳiem], |
| Date of publication, distribution, etc. | 715, 1955. |
| 300 ## - PHYSICAL DESCRIPTION | |
| Extent | 370 p. : |
| Other physical details | port. ; |
| Dimensions | 23 cm. |
| 500 ## - GENERAL NOTE | |
| General note | Added t.p.: A blat oif an eplboim. Hoja de manzano. |
| 740 0# - ADDED ENTRY--UNCONTROLLED RELATED/ANALYTICAL TITLE | |
| Uncontrolled related/analytical title | Hoja de manzano. |
| 752 ## - ADDED ENTRY--HIERARCHICAL PLACE NAME | |
| Country or larger entity | Argentina |
| City | Buenos Aires |
No items available.